| 000 | 00876cam a2200361ua 4500 | ||
|---|---|---|---|
| 020 | _cRs.50.00 | ||
| 041 |
_aeng _h |
||
| 082 |
_a532 _bRAM/FL |
||
| 100 | _aRamamrutham, S . | ||
| 245 | _aFluid mechanics, hydraulics and fluid machines | ||
| 250 |
_a3 / _b. |
||
| 260 |
_aNew Delhi : _bDhanpat rai & sons , _c1985. |
||
| 300 | _a1192 ; . | ||
| 365 | _aRs.50.00 | ||
| 504 | _a | ||
| 650 | _aCompressible flow | ||
| 650 | _aDynamics of fluid flow | ||
| 650 | _aFluid mechanics | ||
| 650 | _aFluid Statics | ||
| 650 | _aHydraulic Systems | ||
| 650 | _aHydraulic Turbines | ||
| 650 | _aHydrokinematics | ||
| 650 | _aPumps | ||
| 942 | _cBK | ||
| 999 |
_c148 _d148 |
||